Biology and water pollution control (Record no. 15554)
[ view plain ]
| 000 -LEADER | |
|---|---|
| fixed length control field | 00431cam a2200169 4500 |
| 020 ## - INTERNATIONAL STANDARD BOOK NUMBER | |
| ISBN | 072169120X |
| 040 ## - CATALOGING SOURCE | |
| Transcribing agency | DLC |
| 082 00 - DEWEY DECIMAL CLASSIFICATION NUMBER | |
| Classification number | 574 SAU 1971 A080 Or. |
| 100 1# - MAIN ENTRY--AUTHOR NAME | |
| Personal name | Warren, Charles E., |
| 245 10 - TITLE STATEMENT | |
| Title | Biology and water pollution control |
| 260 ## - PUBLICATION, DISTRIBUTION, ETC. (IMPRINT) | |
| Place of publication | Philadelphia, |
| Name of publisher | Saunders, |
| Year of publication | 1971. |
| 300 ## - PHYSICAL DESCRIPTION | |
| Number of Pages | xvi, 434 p. |
| Other physical details | illus. |
| Dimensions | 27 cm. |
| 650 #0 - SUBJECT ADDED ENTRY--TOPICAL TERM | |
| Topical Term | Water |
| 650 #0 - SUBJECT ADDED ENTRY--TOPICAL TERM | |
| Topical Term | Freshwater ecology. |
| 700 1# - ADDED ENTRY--PERSONAL NAME | |
| Personal name | Doudoroff, Peter. |
| 942 ## - ADDED ENTRY ELEMENTS (KOHA) | |
| Koha item type | សៀវភៅភាសាអង់គ្លេស |
| 952 ## - LOCATION AND ITEM INFORMATION (KOHA) | |
| Withdrawn status [LOCAL, KOHA] | 0 |
| Permanent Location | Date acquired | Koha item type | Lost status | Shelving location | Barcode | Current Location | Full call number |
|---|---|---|---|---|---|---|---|
| Library Block A | 2017-11-29 | សៀវភៅភាសាអង់គ្លេស | A080 | A07320 | Library Block A | 574 SAU 1971 A080 Or. |